00360cam a2200157u 4500001000800000005001700008008004100025010001700066040001900083041000800102043001200110080000700122100000700129101000800136245005800144839044820180201071303.0830309s1943 dcua 000 0 eng  a 54045217  aDLCcCarPdDLC aeng anwpr--- a94 a16 ahis14aThe Puerto Rican economy during the war year of 1942.